International business competing in the global marketplace
Saved in:
| Main Author: | |
|---|---|
| Format: | Book |
| Language: | English |
| Published: |
McGraw-Hill
2003
|
| Tags: |
Add Tag
No Tags, Be the first to tag this record!
|
MARC
| LEADER | 00000nam a22000007a 4500 | ||
|---|---|---|---|
| 008 | 201210b ||||| |||| 00| 0 eng d | ||
| 022 | |a ISBN: 0-07-247053-4 | ||
| 100 | |a HILL, Charles W. L. | ||
| 245 | |a International business |b competing in the global marketplace |c Charles W. L. Hill |g . xxviii; 703p | ||
| 250 | |b 4th ed | ||
| 260 | |b McGraw-Hill |c 2003 |h Boston: |i 687241 |l HD62.4 .H55 |m International business enterprises – Management |m Competition, International | ||
| 942 | |a lcc |c BK |e Olagoke, M A |f 10/12/2020 | ||
| 952 | |0 0 |1 0 |2 lcc |4 0 |6 HD00624 H55 |7 0 |9 360 |a HOL |b HOL |c GJ |d 2020-12-10 |l 0 |o HD62.4 .H55 |p 2020-2095 |r 2020-12-10 00:00:00 |w 2020-12-10 |y BK | ||
| 999 | |c 174 |d 174 | ||